[Event "Nikaia op 22nd"]
[Site "Nikaia"]
[Date "2014.08.29"]
[Round "4"]
[White "Korlotsidis, Spiridon"]
[Black "Spyropoulos, Nikolaos"]
[Result "0-1"]
[WhiteElo "2048"]
[BlackElo "1594"]
[PlyCount "118"]
[EventDate "2014.08.26"]
[EventType "swiss"]
[EventRounds "9"]
[EventCountry "GRE"]
[SourceTitle "CBM 162 Extra"]
[Source "ChessBase"]
[SourceDate "2014.10.17"]
[SourceVersion "1"]
[SourceVersionDate "2014.10.17"]
[SourceQuality "1"]

1. Nf3 Nf6 2. g3 d5 3. Bg2 e6 4. b3 Bd6 5. Bb2 Nbd7 6. d3 0-0 7. 0-0 b6 8. Nbd2 Bb7 9. a3 Re8 10. Qe1 e5 11. e4 dxe4 12. dxe4 Nc5 13. Nh4 Ba6 14. Nc4 Bxc4 15. bxc4 Qd7 16. Rd1 Qa4 17. Qe2 Qc6 18. Nf5 Na4 19. Bc1 Nc3 20. Qf3 Nxd1 21. Nxg7 Bf8 22. Nxe8 Nxe8 23. Qg4+ Qg6 24. Qxd1 Qd6 25. Qg4+ Qg6 26. Qe2 Nd6 27. f4 Qe6 28. Bb2 Nxc4 29. f5 Qc6 30. Qg4+ Kh8 31. Bc1 Nxa3 32. f6 Nxc2 33. Qh5 Qc4 34. Qxe5 Qd4+ 35. Qxd4 Nxd4 36. Kh1 a5 37. Bb2 c5 38. e5 Re8 39. Re1 Bd6 40. Rb1 Rxe5 41. Bxd4 cxd4 42. Bc6 Bc5 43. Bd7 Re2 44. Rd1 Rf2 45. g4 Rxf6 46. Rd3 Rd6 47. Bf5 Kg7 48. Rh3 h6 49. Kg2 b5 50. Bd3 b4 51. Rh5 Rc6 52. Kf3 b3 53. g5 hxg5 54. Rxg5+ Kf8 55. h4 b2 56. h5 Bb4 57. Rg1 Rc1 58. Kf2 Rxg1 59. Kxg1 Kg7 0-1

[Event "GRE CupT final 32nd"]
[Site "Porto Rio"]
[Date "2014.07.04"]
[Round "1.3"]
[White "Laspas, Panagiotis"]
[Black "Korlotsidis, Spiridon"]
[Result "1/2-1/2"]
[WhiteElo "1821"]
[BlackElo "2058"]
[PlyCount "104"]
[EventDate "2014.07.04"]
[EventType "team-k.o."]
[EventRounds "5"]
[EventCountry "GRE"]
[SourceTitle "CBM 161 Extra"]
[Source "ChessBase"]
[SourceDate "2014.08.29"]
[SourceVersion "1"]
[SourceVersionDate "2014.08.29"]
[SourceQuality "1"]
[WhiteTeam "Ames Neas Erythreas"]
[BlackTeam "Petropoulis Dias"]
[WhiteTeamCountry "GRE"]
[BlackTeamCountry "GRE"]

1. d4 g6 2. c4 Bg7 3. Nf3 Nf6 4. e3 d6 5. Be2 0-0 6. Qc2 Nbd7 7. b3 b6 8. Bb2 Bb7 9. Nc3 a6 10. 0-0 e5 11. Rfd1 e4 12. Nd2 Qe7 13. b4 h6 14. a4 Rae8 15. d5 Bc8 16. a5 Nb8 17. b5 axb5 18. cxb5 bxa5 19. Rxa5 Bf5 20. h3 h5 21. Ra7 Qd8 22. Nf1 h4 23. Na2 Re7 24. Nb4 c5 25. Rxe7 Qxe7 26. Nc6 Qc7 27. Qa4 Nxc6 28. dxc6 Ne8 29. Bxg7 Nxg7 30. Rb1 Rb8 31. b6 Rxb6 32. Rxb6 Qxb6 33. Qa8+ Kh7 34. Qb7 Qd8 35. c7 Qc8 36. Ba6 Ne8 37. Qxc8 Bxc8 38. Bxc8 Nxc7 39. Nd2 d5 40. Kf1 c4 41. Ke2 Kg7 42. Nb1 f5 43. Nc3 Kf6 44. Bd7 Ke5 45. Nb5 Na6 46. Nd4 Nc5 47. Be8 g5 48. g3 f4 49. gxf4+ gxf4 50. f3 Nd3 51. fxe4 dxe4 52. Bb5 Nc1+ 1/2-1/2

[Event "Peristeri op A"]
[Site "Peristeri"]
[Date "2014.06.07"]
[Round "7"]
[White "Korlotsidis, Spiridon"]
[Black "Ignatiadis, Konstantinos"]
[Result "1/2-1/2"]
[WhiteElo "2004"]
[BlackElo "2135"]
[PlyCount "144"]
[EventDate "2014.04.23"]
[EventType "swiss"]
[EventRounds "7"]
[EventCountry "GRE"]
[SourceTitle "EXT 2024"]
[Source "ChessBase"]
[SourceDate "2023.10.10"]
[SourceVersion "1"]
[SourceVersionDate "2023.10.10"]
[SourceQuality "1"]

1. e4 c6 2. d3 d5 3. Nd2 Nf6 4. Ngf3 Bg4 5. h3 Bxf3 6. Qxf3 Nbd7 7. g3 e6 8. Bg2 Bc5 9. 0-0 0-0 10. Nb3 Be7 11. Be3 a5 12. a4 e5 13. Qe2 d4 14. Bd2 Bb4 15. f4 Bxd2 16. Nxd2 b5 17. b3 Re8 18. Qf2 Qb6 19. Nf3 Rad8 20. Nh4 b4 21. Nf5 c5 22. g4 exf4 23. Qxf4 Ne5 24. Qg5 Ng6 25. Rf2 Re6 26. Raf1 h6 27. Qd2 Rd7 28. Bf3 Qb8 29. Bd1 Nh7 30. h4 f6 31. Rg2 Qd8 32. Rf3 Ne5 33. Rh3 Qe8 34. Ng3 Qb8 35. Nf5 Ng6 36. Rf3 Qd8 37. Rf1 Ne5 38. Kh1 Kh8 39. Rff2 Qe8 40. Rg1 Qc8 41. Rh2 c4 42. bxc4 Rf7 43. g5 fxg5 44. hxg5 Rg6 45. Bh5 Rxf5 46. Bxg6 Rxg5 47. Rxg5 Nf3 48. Qf4 Nhxg5 49. Rf2 Qh3+ 50. Qh2 Qxh2+ 51. Rxh2 Nxh2 52. Kxh2 Kg8 53. Kg3 Kf8 54. Kf4 Ke7 55. Ke5 Ne6 56. Bh5 Nc5 57. Kxd4 Nxa4 58. c5 Nc3 59. Kc4 Kd7 60. Bg6 Ne2 61. d4 a4 62. d5 a3 63. Kb3 Nc1+ 64. Kxb4 a2 65. c6+ Kd6 66. e5+ Kxd5 67. c7 a1Q 68. c8Q Qb2+ 69. Ka4 Qa2+ 70. Kb4 Qb2+ 71. Ka4 Qa1+ 72. Kb4 Qb2+ 1/2-1/2

[Event "Peristeri op A"]
[Site "Peristeri"]
[Date "2014.05.17"]
[Round "4"]
[White "Korlotsidis, Spiridon"]
[Black "Dionisopoulos, Zaharias"]
[Result "0-1"]
[WhiteElo "2004"]
[BlackElo "2044"]
[PlyCount "104"]
[EventDate "2014.04.23"]
[EventType "swiss"]
[EventRounds "7"]
[EventCountry "GRE"]
[SourceTitle "EXT 2024"]
[Source "ChessBase"]
[SourceDate "2023.10.10"]
[SourceVersion "1"]
[SourceVersionDate "2023.10.10"]
[SourceQuality "1"]

1. Nf3 d5 2. g3 c6 3. Bg2 Bg4 4. d3 Nd7 5. 0-0 e6 6. Nbd2 Bd6 7. b3 Ngf6 8. Bb2 0-0 9. Qe1 Re8 10. a3 a5 11. e4 e5 12. h3 Bh5 13. Nh4 Qb6 14. Nf5 Bc5 15. Kh2 Rad8 16. Rb1 Qc7 17. f3 Bg6 18. Nh4 Nh5 19. c3 Be7 20. Nxg6 hxg6 21. b4 a4 22. c4 d4 23. c5 f5 24. Qd1 Bg5 25. Nc4 Ra8 26. Bc1 Bxc1 27. Qxc1 f4 28. g4 Ng3 29. Rf2 Rf8 30. Qc2 Kh7 31. Nb2 Qd8 32. Nc4 Qf6 33. Na5 Ra7 34. Qxa4 Qh4 35. Kg1 Nf6 36. Qb3 Nd7 37. Nc4 Rfa8 38. Ra1 Qe7 39. a4 Kh6 40. a5 Nf6 41. Nd6 Rf8 42. b5 Nh7 43. a6 cxb5 44. Qxb5 Rxa6 45. Rxa6 bxa6 46. Qxa6 Rb8 47. Qc4 Ng5 48. h4 Rb1+ 49. Bf1 Nh3+ 50. Kg2 Nxf1 51. Rxf1 Rb2+ 52. Kxh3 Qxh4+ 0-1

[Event "Nikaia op 21st"]
[Site "Nikaia"]
[Date "2013.08.29"]
[Round "4"]
[White "Kapnisis, Spyridon"]
[Black "Korlotsidis, Spiridon"]
[Result "1-0"]
[WhiteElo "2463"]
[BlackElo "2018"]
[PlyCount "115"]
[EventDate "2013.08.26"]
[EventType "swiss"]
[EventRounds "9"]
[EventCountry "GRE"]
[SourceTitle "CBM 156 Extra"]
[Source "ChessBase"]
[SourceDate "2013.10.22"]
[SourceVersion "1"]
[SourceVersionDate "2013.10.22"]
[SourceQuality "1"]

1. e4 g6 2. d4 Bg7 3. Nc3 d6 4. f4 Nf6 5. Nf3 0-0 6. Bd3 c5 7. dxc5 dxc5 8. Qe2 Nc6 9. e5 Nd5 10. Nxd5 Qxd5 11. Be4 Qd8 12. Be3 Bg4 13. c3 Qc7 14. h3 Bc8 15. Qb5 Qb6 16. a4 Bd7 17. 0-0-0 Be8 18. Qxc5 Na5 19. Qxb6 axb6 20. Bc2 Nc4 21. Bf2 b5 22. Bc5 Bc6 23. b3 Na5 24. axb5 Bxb5 25. Nd4 Bc6 26. Bxe7 Rfc8 27. Rhg1 Bd5 28. Kb2 Ra6 29. g3 Rb6 30. Bb4 Nc6 31. Nxc6 bxc6 32. Bc5 Rb5 33. b4 Rxc5 34. bxc5 Rb8+ 35. Kc1 Bf8 36. Rxd5 cxd5 37. Rd1 Bxc5 38. Rxd5 Be3+ 39. Kd1 Rc8 40. Rd3 Bc5 41. Bb3 Rb8 42. Kc2 Rb7 43. g4 Kg7 44. f5 Bg1 45. h4 gxf5 46. gxf5 Bh2 47. Bd5 Ra7 48. f6+ Kh6 49. Re3 Ra5 50. c4 Ra2+ 51. Kb3 Ra7 52. e6 Bd6 53. Re4 fxe6 54. Rxe6 Bc5 55. Rc6 Bf8 56. Rc8 Bd6 57. f7 Ra3+ 58. Kb2 1-0

[Event "Nikaia op 21st"]
[Site "Nikaia"]
[Date "2013.08.27"]
[Round "2"]
[White "Salahidou, Reveka"]
[Black "Korlotsidis, Spiridon"]
[Result "0-1"]
[WhiteElo "1694"]
[BlackElo "2018"]
[PlyCount "70"]
[EventDate "2013.08.26"]
[EventType "swiss"]
[EventRounds "9"]
[EventCountry "GRE"]
[SourceTitle "CBM 156 Extra"]
[Source "ChessBase"]
[SourceDate "2013.10.22"]
[SourceVersion "1"]
[SourceVersionDate "2013.10.22"]
[SourceQuality "1"]

1. e4 g6 2. d4 Bg7 3. Nc3 d6 4. f3 Nf6 5. Be3 c6 6. Qd2 a6 7. Nge2 b5 8. g4 h5 9. g5 Nfd7 10. Nf4 Nb6 11. a3 N8d7 12. 0-0-0 Rb8 13. b3 0-0 14. Rg1 a5 15. Qf2 e5 16. Nxh5 gxh5 17. Qh4 exd4 18. Bxd4 Bxd4 19. Rxd4 Kg7 20. Rxd6 Qe7 21. Rh6 Qxa3+ 22. Kd2 Ne5 23. Qxh5 Ng6 24. Bd3 Rd8 25. Rb1 Rxd3+ 26. cxd3 Qd6 27. e5 Qxe5 28. Ne4 Nd7 29. Rh7+ Kf8 30. Qh6+ Ke8 31. Rg7 Qf4+ 32. Ke2 Kd8 33. Qh7 Nde5 34. Qh5 Kc7 35. d4 Bg4 0-1

[Event "Petroupoli ASOP Dias op"]
[Site "Petroupoli"]
[Date "2013.02.27"]
[Round "6.4"]
[White "Delithanasis, Dimitrios"]
[Black "Korlotsidis, Spiridon"]
[Result "1-0"]
[WhiteElo "2126"]
[BlackElo "1973"]
[PlyCount "95"]
[EventDate "2013.01.23"]
[EventType "swiss"]
[EventRounds "7"]
[EventCountry "GRE"]
[SourceTitle "EXT 2024"]
[Source "ChessBase"]
[SourceDate "2023.10.10"]
[SourceVersion "1"]
[SourceVersionDate "2023.10.10"]
[SourceQuality "1"]

1. d4 g6 2. e4 Bg7 3. Nf3 d6 4. c4 c5 5. d5 Nf6 6. Nc3 0-0 7. h3 e6 8. Bd3 exd5 9. exd5 Re8+ 10. Be3 Bh6 11. 0-0 Rxe3 12. fxe3 Bxe3+ 13. Kh1 Nh5 14. Ne2 Nd7 15. Qe1 Ne5 16. Nxe5 dxe5 17. Ng3 Nxg3+ 18. Qxg3 Bd4 19. Rf3 Bd7 20. Raf1 Be8 21. h4 a5 22. h5 Ra6 23. hxg6 hxg6 24. b3 Qe7 25. Be4 Kg7 26. Rf5 Kg8 27. R1f3 Qf8 28. Rh5 Qg7 29. Rh4 a4 30. Qh3 f5 31. Rxf5 axb3 32. Rf1 bxa2 33. d6 Rxd6 34. Qa3 Rf6 35. Bd5+ Kf8 36. Rd1 Qe7 37. Rh8+ Kg7 38. Qh3 Rf4 39. Qh6+ Kf6 40. Rf8+ Qxf8 41. Qxf8+ Kg5 42. Qe7+ Kg4 43. Qxe8 Kg3 44. Qxg6+ Kf2 45. Qc2+ Kg3 46. Qd3+ Kg4 47. Qg6+ Kh4 48. g3+ 1-0

[Event "Petroupoli ASOP Dias op"]
[Site "Petroupoli"]
[Date "2013.02.20"]
[Round "5.3"]
[White "Korlotsidis, Spiridon"]
[Black "Kostouros, Alexandros"]
[Result "0-1"]
[WhiteElo "1973"]
[BlackElo "2147"]
[PlyCount "274"]
[EventDate "2013.01.23"]
[EventType "swiss"]
[EventRounds "7"]
[EventCountry "GRE"]
[SourceTitle "EXT 2024"]
[Source "ChessBase"]
[SourceDate "2023.10.10"]
[SourceVersion "1"]
[SourceVersionDate "2023.10.10"]
[SourceQuality "1"]

1. Nf3 d5 2. g3 c5 3. Bg2 Nc6 4. 0-0 e5 5. d3 f5 6. c4 d4 7. e3 Bd6 8. exd4 exd4 9. Re1+ Nge7 10. Ng5 0-0 11. f4 Rf6 12. Na3 h6 13. Nf3 Be6 14. Nc2 a5 15. Na3 Ra6 16. Nb5 Bb8 17. b3 Bf7 18. Bd2 Qd7 19. a3 Re6 20. Rxe6 Qxe6 21. Qe1 Qxe1+ 22. Nxe1 Kf8 23. Nc2 Ke8 24. Bf3 Kd7 25. Rb1 Kc8 26. Kf1 Ng8 27. Rb2 Nge7 28. b4 axb4 29. axb4 b6 30. bxc5 bxc5 31. Bc1 Ra5 32. Rb1 Ra2 33. Rb2 Ra4 34. Bd1 Ra5 35. Rb1 Na7 36. Nca3 Nec6 37. Bd2 Nxb5 38. Bxa5 Nxa3 39. Ra1 Nxa5 40. Rxa3 Bc7 41. Kg2 Be8 42. Bf3 Bc6 43. Ra2 Kd7 44. Bxc6+ Nxc6 45. Kf3 Nb4 46. Ra3 Kc6 47. h3 Kb7 48. h4 h5 49. Ke2 Nc6 50. Rb3+ Ka6 51. Rb2 Ba5 52. Kf3 Nb4 53. Rb3 Na2 54. Rb1 Bc3 55. Ke2 Nb4 56. Rb3 Kb6 57. Ra3 Kb7 58. Ra5 Na6 59. Rb5+ Ka7 60. Rb3 Bb4 61. Kf3 Be1 62. Rb1 Bc3 63. Rb3 Nb4 64. Ke2 Kb7 65. Rb1 Kc7 66. Rb3 Na2 67. Kd1 Bb4 68. Kc2 Nc3 69. Rb2 g6 70. Kb3 Kb6 71. Rc2 Ka5 72. Rg2 Kb6 73. Rc2 Nd1 74. Ra2 Kb7 75. Re2 Ne3 76. Ka4 Kb6 77. Kb3 Bc3 78. Ka4 Kc6 79. Kb3 Kb6 80. Ka4 Kc7 81. Kb5 Bb4 82. Ra2 Nd1 83. Ra7+ Kd8 84. Rg7 Nb2 85. Rxg6 Nxd3 86. Rg5 Nb2 87. Rxf5 d3 88. Rxh5 d2 89. Rd5+ Ke7 90. Rxd2 Bxd2 91. Kxc5 Be1 92. g4 Bxh4 93. Kd5 Nd3 94. Ke4 Nc5+ 95. Kd5 Nd7 96. Ke4 Bf2 97. Kf3 Bg1 98. Ke4 Nb6 99. Kd3 Kd6 100. g5 Ke6 101. Ke4 Nxc4 102. f5+ Kf7 103. Kd5 Ne3+ 104. Ke4 Nc2 105. Kd3 Nd4 106. Ke4 Nc6 107. Kf3 Bd4 108. Ke4 Bb2 109. Kf3 Bc1 110. Kg4 Ne5+ 111. Kh4 Nf3+ 112. Kg4 Nxg5 113. Kg3 Kf6 114. Kf2 Kxf5 115. Ke2 Ke4 116. Kd1 Bf4 117. Ke2 Be3 118. Ke1 Ne6 119. Ke2 Nf4+ 120. Ke1 Nh5 121. Ke2 Ng3+ 122. Kd1 Kd3 123. Ke1 Bd4 124. Kd1 Bf2 125. Kc1 Nf5 126. Kb2 Be1 127. Kc1 Bd2+ 128. Kb2 Nd4 129. Ka3 Kc4 130. Kb2 Kb4 131. Ka2 Bc1 132. Kb1 Ba3 133. Ka2 Ka4 134. Ka1 Kb3 135. Kb1 Nb5 136. Ka1 Bb2+ 137. Kb1 Na3# 0-1

[Event "Petroupoli ASOP Dias op"]
[Site "Petroupoli"]
[Date "2013.02.06"]
[Round "3.8"]
[White "Alexiadis, Hristos"]
[Black "Korlotsidis, Spiridon"]
[Result "0-1"]
[WhiteElo "1862"]
[BlackElo "1973"]
[PlyCount "106"]
[EventDate "2013.01.23"]
[EventType "swiss"]
[EventRounds "7"]
[EventCountry "GRE"]
[SourceTitle "EXT 2024"]
[Source "ChessBase"]
[SourceDate "2023.10.10"]
[SourceVersion "1"]
[SourceVersionDate "2023.10.10"]
[SourceQuality "1"]

1. d4 Nf6 2. Nf3 g6 3. Bg5 Ne4 4. Bf4 Bg7 5. Nbd2 Nf6 6. c3 d6 7. e4 Nbd7 8. Be2 0-0 9. 0-0 b6 10. Re1 Bb7 11. Bc4 h6 12. Bg3 Nh5 13. Nh4 Kh7 14. Qc2 e5 15. Ndf3 Qe7 16. dxe5 dxe5 17. Rad1 Rad8 18. b4 a6 19. Bd5 c6 20. Bb3 c5 21. Bd5 Bxd5 22. exd5 Nxg3 23. hxg3 Qd6 24. Qe2 cxb4 25. cxb4 Qxb4 26. Qxa6 Nc5 27. Qe2 e4 28. Nh2 f5 29. g4 f4 30. Rb1 Qa5 31. Rb5 Qa7 32. Reb1 Rd6 33. Nf1 Bf6 34. g3 f3 35. Qc2 Bxh4 36. gxh4 Qd7 37. Ne3 Rf4 38. Rxb6 Rxg4+ 39. Nxg4 Qxg4+ 40. Kf1 Qg2+ 41. Ke1 Qg1+ 42. Kd2 Qxf2+ 43. Kc3 Qxc2+ 44. Kxc2 Rxd5 45. Rd1 f2 46. Rf6 Rf5 47. Rxf5 gxf5 48. Kd2 f4 49. Ke2 e3 50. Rd4 f3+ 51. Kf1 Kg6 52. h5+ Kg7 53. a4 Nb3 0-1

[Event "Petroupoli ASOP Dias op"]
[Site "Petroupoli"]
[Date "2013.01.23"]
[Round "1.14"]
[White "Katopodis, Dimitrios"]
[Black "Korlotsidis, Spiridon"]
[Result "0-1"]
[WhiteElo "1579"]
[BlackElo "1973"]
[PlyCount "120"]
[EventDate "2013.01.23"]
[EventType "swiss"]
[EventRounds "7"]
[EventCountry "GRE"]
[SourceTitle "EXT 2024"]
[Source "ChessBase"]
[SourceDate "2023.10.10"]
[SourceVersion "1"]
[SourceVersionDate "2023.10.10"]
[SourceQuality "1"]

1. d4 Nf6 2. Nf3 g6 3. c4 Bg7 4. Nc3 0-0 5. e4 d6 6. h3 Na6 7. Bg5 c5 8. d5 h6 9. Be3 Nc7 10. Qd2 Kh7 11. a4 a6 12. Be2 Rb8 13. 0-0 Bd7 14. Rab1 b5 15. axb5 axb5 16. b4 cxb4 17. Rxb4 Na6 18. Rxb5 Bxb5 19. cxb5 Nc5 20. Bxc5 dxc5 21. Qe3 Qa5 22. Ne5 Ng4 23. Nxg4 Qxc3 24. Rc1 Qxe3 25. Nxe3 Bd4 26. Nc2 Be5 27. Ne3 Rfc8 28. Nc4 Bd4 29. Na5 Rb6 30. Nc6 Ra8 31. Rd1 Ra2 32. Kf1 Rb7 33. Nxd4 cxd4 34. Rxd4 Ra1+ 35. Rd1 Rxd1+ 36. Bxd1 Rxb5 37. Ke2 g5 38. Kd3 Kg7 39. Bg4 Kf6 40. Bf5 Ke5 41. Bh7 Rb3+ 42. Kc2 Ra3 43. Kb2 Ra6 44. g3 Rf6 45. Bf5 e6 46. dxe6 fxe6 47. f4+ gxf4 48. gxf4+ Kxf4 49. Bh7 Ke5 50. h4 Rf7 51. Bg6 Rf4 52. h5 Kd4 53. Kb3 e5 54. Kb4 Rxe4 55. Bxe4 Kxe4 56. Kc5 Kf3 57. Kd6 e4 58. Ke5 e3 59. Kf5 e2 60. Kg6 e1Q 0-1

[Event "Petroupoli Master Division "]
[Site "Petroupoli"]
[Date "2012.11.07"]
[Round "1.17"]
[White "Dionisopoulos, Zaharias"]
[Black "Korlotsidis, Spiridon"]
[Result "0-1"]
[WhiteElo "1910"]
[BlackElo "1953"]
[PlyCount "114"]
[EventDate "2012.11.07"]
[EventType "swiss"]
[EventRounds "7"]
[EventCountry "GRE"]
[SourceTitle "EXT 2024"]
[Source "ChessBase"]
[SourceDate "2023.10.10"]
[SourceVersion "1"]
[SourceVersionDate "2023.10.10"]
[SourceQuality "1"]

1. e4 c5 2. Nc3 g6 3. f4 Bg7 4. Nf3 d6 5. Bc4 Nf6 6. 0-0 0-0 7. d3 a6 8. a4 Nc6 9. Qe1 Nd4 10. Nxd4 cxd4 11. Nd5 Nxd5 12. Bxd5 Qc7 13. Bb3 Be6 14. Bxe6 fxe6 15. Rf2 Rac8 16. b3 Qd7 17. g4 e5 18. f5 gxf5 19. gxf5 e6 20. fxe6 Qxe6 21. Rxf8+ Rxf8 22. Qe2 Rf6 23. Bd2 Qc8 24. Bb4 Bh6 25. Be1 Rg6+ 26. Bg3 Bf4 27. Kg2 h5 28. Qxh5 Qxc2+ 29. Kh1 Kg7 30. Qh3 Bxg3 31. Qd7+ Kh8 32. Qe8+ Kh7 33. Qd7+ Kh8 34. Qe8+ Kg7 35. Qd7+ Kg8 36. Qe8+ Kh7 37. Qd7+ Rg7 38. Qf5+ Kg8 39. Qe6+ Kf8 40. Qf6+ Ke8 41. Qe6+ Kd8 42. Qf6+ Re7 43. Qf8+ Kd7 44. Qf5+ Kc7 45. hxg3 Qxd3 46. Kg2 Qe2+ 47. Kg1 Qe3+ 48. Kg2 Rg7 49. g4 Qxb3 50. Rf1 Qxa4 51. g5 d3 52. g6 d2 53. Qg4 Rxg6 54. Qxg6 d1Q 55. Qf7+ Kb6 56. Rxd1 Qxd1 57. Qc4 Qd4 0-1

[Event "Petroupoli op 5th"]
[Site "Petroupoli"]
[Date "2012.09.29"]
[Round "7"]
[White "Kostouros, Alexandros"]
[Black "Korlotsidis, Spiridon"]
[Result "1-0"]
[WhiteElo "2102"]
[BlackElo "2017"]
[PlyCount "51"]
[EventDate "2012.09.08"]
[EventType "swiss"]
[EventRounds "7"]
[EventCountry "GRE"]
[SourceTitle "CBM 150 Extra"]
[Source "ChessBase"]
[SourceDate "2012.10.19"]
[SourceVersion "1"]
[SourceVersionDate "2012.10.19"]
[SourceQuality "1"]

1. e4 g6 2. d4 Bg7 3. c4 c5 4. d5 d6 5. Bd3 Nf6 6. f4 0-0 7. Ne2 Na6 8. Nbc3 e6 9. 0-0 exd5 10. exd5 Nc7 11. a4 Re8 12. f5 Ng4 13. fxg6 hxg6 14. Ne4 f5 15. Bg5 Qd7 16. N4c3 Ne3 17. Bxe3 Rxe3 18. g4 Qe7 19. gxf5 Bxf5 20. Bxf5 Qg5+ 21. Kh1 gxf5 22. Rg1 Qh4 23. Rxg7+ Kxg7 24. Qg1+ Kf7 25. Qxe3 Qxc4 26. Rf1 1-0

[Event "Petroupoli op 5th"]
[Site "Petroupoli"]
[Date "2012.09.19"]
[Round "4"]
[White "Korlotsidis, Spiridon"]
[Black "Karousos Theodorakis, Nikolaos"]
[Result "1/2-1/2"]
[WhiteElo "2017"]
[BlackElo "1626"]
[PlyCount "75"]
[EventDate "2012.09.08"]
[EventType "swiss"]
[EventRounds "7"]
[EventCountry "GRE"]
[SourceTitle "CBM 150 Extra"]
[Source "ChessBase"]
[SourceDate "2012.10.19"]
[SourceVersion "1"]
[SourceVersionDate "2012.10.19"]
[SourceQuality "1"]

1. e4 c5 2. Nf3 e6 3. Nc3 Nc6 4. g3 g6 5. Bg2 Bg7 6. 0-0 Nge7 7. d3 0-0 8. Be3 b6 9. d4 Ba6 10. Re1 d5 11. exd5 Nxd5 12. Nxd5 exd5 13. dxc5 Bxb2 14. Bh6 bxc5 15. Bxf8 Kxf8 16. Rb1 Bc3 17. Qc1 Kg7 18. Rd1 Be2 19. Qe3 Bxd1 20. Qxc3+ d4 21. Qxc5 Bxf3 22. Bxf3 Rc8 23. Bxc6 Qf6 24. Qxa7 Rxc6 25. Qa4 Ra6 26. Qb3 Qc6 27. Rd1 Qc5 28. Qb2 Ra4 29. Rd3 Rc4 30. a3 Qe5 31. Qc1 Qe2 32. Qf4 Qxc2 33. Rxd4 Qb1+ 34. Kg2 Qb7+ 35. Kh3 Rc5 36. Qe3 Qh1 37. g4 Qf1+ 38. Kg3 1/2-1/2

[Event "Petroupoli op 5th"]
[Site "Petroupoli"]
[Date "2012.09.15"]
[Round "3"]
[White "Pavlis, Antonios"]
[Black "Korlotsidis, Spiridon"]
[Result "1/2-1/2"]
[WhiteElo "1786"]
[BlackElo "2017"]
[PlyCount "66"]
[EventDate "2012.09.08"]
[EventType "swiss"]
[EventRounds "7"]
[EventCountry "GRE"]
[SourceTitle "CBM 150 Extra"]
[Source "ChessBase"]
[SourceDate "2012.10.19"]
[SourceVersion "1"]
[SourceVersionDate "2012.10.19"]
[SourceQuality "1"]

1. e4 c5 2. Nf3 d6 3. d4 cxd4 4. Nxd4 Nf6 5. Nc3 g6 6. f4 Nc6 7. Nxc6 bxc6 8. e5 Nd7 9. exd6 exd6 10. Be3 Be7 11. Bc4 0-0 12. 0-0 d5 13. Bb3 Nf6 14. Qe1 Re8 15. Qg3 Nh5 16. Qf3 Nf6 17. h3 Ba6 18. Rfe1 d4 19. Rad1 c5 20. f5 Qb6 21. fxg6 hxg6 22. Nd5 Bb7 23. Nxb6 Bxf3 24. Nxa8 Bxd1 25. Bg5 Kf8 26. Nc7 Rc8 27. Bxf6 Bxf6 28. Nd5 d3 29. Rxd1 Bd4+ 30. Kf1 c4 31. Ba4 Rc5 32. Nc3 Rf5+ 33. Ke1 Re5+ 1/2-1/2

[Event "Nikaia op-A 20th"]
[Site "Nikea"]
[Date "2012.09.02"]
[Round "9.29"]
[White "Haldaiakis, Vasilios"]
[Black "Korlotsidis, Spiridon"]
[Result "0-1"]
[WhiteElo "1747"]
[BlackElo "2017"]
[PlyCount "80"]
[EventDate "2012.08.26"]
[EventType "swiss"]
[EventRounds "9"]
[EventCountry "GRE"]
[SourceTitle "EXT 2024"]
[Source "ChessBase"]
[SourceDate "2023.10.10"]
[SourceVersion "1"]
[SourceVersionDate "2023.10.10"]
[SourceQuality "1"]

1. e4 c5 2. Nf3 Nc6 3. d4 cxd4 4. Nxd4 g6 5. Nxc6 bxc6 6. Qd4 Nf6 7. e5 Nd5 8. e6 Nf6 9. exd7+ Bxd7 10. Bc4 Bg7 11. 0-0 0-0 12. Bf4 Ng4 13. Qd2 Bxb2 14. Nc3 Bxa1 15. Rxa1 Bf5 16. Qe2 Qd4 17. Bd2 Bxc2 18. Rc1 Bf5 19. h3 Ne5 20. Bb3 Bxh3 21. Bh6 Bg4 22. Qe4 Rfd8 23. Be3 Qxe4 24. Nxe4 Bd7 25. Bd4 Nd3 26. Rd1 Bf5 27. Rxd3 Bxe4 28. Rd1 Bd5 29. Bc5 Bxb3 30. Rxd8+ Rxd8 31. axb3 Rb8 32. b4 e5 33. Kf1 f5 34. Ke2 Kf7 35. Kd3 Ke6 36. Kc4 a6 37. Ba7 Rb5 38. Be3 f4 39. Bc1 h5 40. f3 g5 0-1

[Event "Petroupoli op 4th"]
[Site "Petroupoli"]
[Date "2012.05.05"]
[Round "3"]
[White "Kostouros, Alexandros"]
[Black "Korlotsidis, Spiridon"]
[Result "1-0"]
[WhiteElo "2241"]
[BlackElo "2040"]
[PlyCount "191"]
[EventDate "2012.04.28"]
[EventType "swiss"]
[EventRounds "7"]
[EventCountry "GRE"]
[SourceTitle "CBM 148 Extra"]
[Source "ChessBase"]
[SourceDate "2012.06.22"]
[SourceVersion "1"]
[SourceVersionDate "2012.06.22"]
[SourceQuality "1"]

1. e4 g6 2. d4 Bg7 3. c4 d6 4. Nc3 Nf6 5. f4 0-0 6. Bd3 c5 7. d5 e6 8. Nge2 exd5 9. exd5 Nh5 10. f5 Qh4+ 11. g3 Qh3 12. Qc2 Nd7 13. fxg6 fxg6 14. Bg5 Ne5 15. 0-0-0 Qg4 16. Bf4 Nxf4 17. Nxf4 Nxd3+ 18. Qxd3 Rxf4 19. gxf4 Qxf4+ 20. Qd2 Qxc4 21. Kb1 Bf5+ 22. Ka1 b5 23. Qe2 Qxc3 24. bxc3 Bxc3+ 25. Qb2 Bxb2+ 26. Kxb2 a5 27. Rhe1 Kf7 28. Re3 b4 29. Rde1 Ra7 30. Re8 c4 31. Rb8 c3+ 32. Kb3 Rc7 33. Rb6 Rc5 34. Rxd6 Bd3 35. Rd7+ Kf6 36. d6 Bc4+ 37. Kc2 Bxa2 38. Rc7 b3+ 39. Kd3 Rd5+ 40. Kxc3 Rxd6 41. Rf1+ Kg5 42. Rc5+ Kh6 43. Rf4 Rd7 44. Rh4+ Kg7 45. Rxa5 Rc7+ 46. Kb2 Rc2+ 47. Ka3 h5 48. Rh3 Rc6 49. Rg3 Kf7 50. h4 Rb6 51. Kb2 Kf6 52. Rf3+ Ke7 53. Ra7+ Ke6 54. Rg7 Ke5 55. Rg3 Rf6 56. R7xg6 Rf2+ 57. Ka3 Bb1 58. R6g5+ Bf5 59. Kxb3 Kf6 60. Rxh5 Rf1 61. Kc3 Rh1 62. Kd2 Ra1 63. Rf3 Ra5 64. Ke1 Kg6 65. Rg5+ Kf6 66. Kf2 Rb5 67. Kg3 Ra5 68. Rb3 Ra6 69. Rb4 Ra1 70. Rb6+ Be6 71. Rh5 Ra3+ 72. Kf2 Ra2+ 73. Ke3 Ra3+ 74. Kd2 Ra2+ 75. Kc3 Ra3+ 76. Kb2 Re3 77. Rh6+ Kf5 78. h5 Bc4 79. Rhg6 Rh3 80. Rgc6 Rh2+ 81. Kc3 Bg8 82. h6 Rh3+ 83. Kd4 Rh4+ 84. Ke3 Rh3+ 85. Kf2 Bh7 86. Rc7 Bg8 87. Rb8 Rxh6 88. Rxg8 Rh2+ 89. Kg3 Rh1 90. Re8 Kf6 91. Rc2 Rg1+ 92. Kh2 Rd1 93. Rf2+ Kg7 94. Re3 Kg6 95. Rg3+ Kh5 96. Rfg2 1-0

[Event "Petroupoli op 3rd"]
[Site "Petroupoli"]
[Date "2012.03.28"]
[Round "6"]
[White "Korlotsidis, Spiridon"]
[Black "Kostouros, Alexandros"]
[Result "0-1"]
[WhiteElo "2040"]
[BlackElo "2241"]
[PlyCount "96"]
[EventDate "2012.03.10"]
[EventType "swiss"]
[EventRounds "7"]
[EventCountry "GRE"]
[SourceTitle "CBM 147 Extra"]
[Source "ChessBase"]
[SourceDate "2012.04.24"]
[SourceVersion "1"]
[SourceVersionDate "2012.04.24"]
[SourceQuality "1"]

1. e4 Nc6 2. Nc3 Nf6 3. d4 d5 4. e5 Ne4 5. Nxe4 dxe4 6. Be3 f5 7. exf6 exf6 8. Ne2 Be6 9. Nf4 Bf7 10. Bb5 Qd6 11. 0-0 0-0-0 12. Bxc6 Qxc6 13. Qg4+ Kb8 14. d5 Qxc2 15. Ne6 Bxe6 16. dxe6 Bd6 17. Rac1 Qxb2 18. Bc5 Bxc5 19. Rxc5 Qxa2 20. Qxg7 Qxe6 21. Qxc7+ Ka8 22. Rfc1 a6 23. h3 Rd7 24. Qf4 Rd4 25. Rb1 Rhd8 26. Qc7 Rd1+ 27. Kh2 Qd6+ 28. Qxd6 R8xd6 29. Rb4 R1d4 30. Rb3 b5 31. Rh5 Rd7 32. Rh6 R4d6 33. g4 Kb7 34. Re3 f5 35. Rxd6 Rxd6 36. gxf5 Rf6 37. Rxe4 Rxf5 38. Re7+ Kb6 39. Kg3 b4 40. f4 b3 41. Kg4 Rb5 42. Re1 h5+ 43. Kf3 a5 44. Ke4 b2 45. Rb1 a4 46. Kd3 a3 47. Kc2 a2 48. Rxb2 a1Q 0-1